000 01634nam a2200373Ia 4500
001 ebr10067181
003 CaPaEBR
006 m u
007 cr cn|||||||||
008 040921s2004 dcu sb 100 0 eng d
010 _z 2004056359
020 _z0821360027 (pbk.)
040 _aCaPaEBR
_cCaPaEBR
035 _a(OCoLC)70773190
050 1 4 _aHG205
_b.A45 2004eb
082 0 4 _a354.8/28
_222
245 0 0 _aAligning financial supervisory structures with country needs
_h[electronic resource] /
_cedited by Jeffrey Carmichael, Alexander Fleming, David T. Llewellyn.
260 _a[Washington, D.C.] :
_bWorld Bank Institute,
_c2004.
300 _axviii, 263 p.
490 1 _aWBI learning resources series
500 _aPapers presented at a conference entitled Aligning financial supervisory structure with country needs on Dec. 4-5, 2003 at the World Bank Institute in Washington, D.C.
504 _aIncludes bibliographical references.
533 _aElectronic reproduction.
_bPalo Alto, Calif. :
_cebrary,
_d2009.
_nAvailable via World Wide Web.
_nAccess may be limited to ebrary affiliated libraries.
650 0 _aInternational finance
_vCongresses.
650 0 _aMonetary policy
_vCongresses.
650 0 _aBanks and banking, Central
_vCongresses.
655 7 _aElectronic books.
_2local
700 1 _aCarmichael, Jeffrey.
700 1 _aFleming, Alexander.
700 1 _aLlewellyn, David T.
710 2 _aebrary, Inc.
830 0 _aWBI learning resources series.
856 4 0 _uhttp://site.ebrary.com/lib/rucke/Doc?id=10067181
_zAn electronic book accessible through the World Wide Web; click to view
999 _c49523
_d49523